| 000 | 01096nam a22002177a 4500 | ||
|---|---|---|---|
| 999 |
_c11323 _d11323 |
||
| 003 | AR-CdUCM | ||
| 008 | 190403b ||||| |||| 00| 0 spa d | ||
| 040 |
_aMUNICIPALIDAD PROVINCIAL DEL CUSCO _cBIBLIOTECA MUNICIPAL DEL CUSCO |
||
| 082 |
_a119 / _bV46 / 1864 |
||
| 100 |
_aVentura de Raulica, Joaquín _928619 |
||
| 245 | _aLa filosofía cristiana / | ||
| 260 |
_aMadrid : _bD. Leocadio López, _c1864. |
||
| 300 |
_a2 tomos ; _c21.5 cm. |
||
| 505 | _aContenido : t.1. Tratado de los preámbulos de la filosofía -- De la verdad y de la cuestión de lo natural y de lo sobrenatural -- De la certidumbre y de la cuestión del dogmatismo y del sentido común -- t.2. Los tres genios mas grandes del mundo -- Paralelo de Agustín con Platón -- De los criterios de la verdad y del método de San Agustín comparados con los criterios y el método de Platón ... | ||
| 650 |
_aPalabra de Dios _94532 |
||
| 650 |
_aFilosofía Cristiana _916628 |
||
| 650 |
_aSectas y evangelios _928620 |
||
| 710 |
_aRedactores del tesoro de predicadores ilustres _928641 |
||
| 942 |
_2ddc _cLIBROS |
||
| 945 | _aacv | ||